00241nam a2200109Ia 4500008004100000100001800041245002500059260001500084300001000099942000700109999001500116190216s9999||||xx |||||||||||||| ||und|| aSwaminathan L 0aLeactures On Costing bNullc1970 a1096p cBK c4201d4201